000 00634nam a22001935i 4500
001 167433
003 ES-MaACL
005 20230906213528.0
008 050927s1885 sp | |||||||| ||spa d
100 1 _aVidal, Diego.
_9133689
245 1 0 _aCuentos morales dedicados á la infancia /
_cpor Diego Vidal.
250 _a11ª ed.
260 _aMadrid :
_b[D. Vidal],
_c1885 (
_fImp. de Hernando)
300 _a158 p. ;
_c16 cm.
650 4 _aCuentos infantiles.
_9135854
700 1 _aHernando.
_9127891
752 _aEspaña -
_dMadrid
852 4 _aES-MaACL
_jG-10351
_z- Enc. editorial hol.
_z- Dedicatoria autógrafa del autor
999 _c167433
_d167433